000 00726nam1a22002171i 4500
001 rc\1188612
005 20240724000728.0
035 _a(NLR Aleph) 005973416
090 _a6957187
_c6957187
100 _a20070321d1986 u |0rusy50 ca
101 0 _arus
102 _aRU
105 _ay |||||||||
200 1 _aКомплексная программа научно-технического прогресса СССР на 1991-2010 годы (по пятилетиям)
_fАН СССР, Гос. ком. СССР по науке и технике
210 _aМ.
_cВИНИТИ
_d1986
215 _d21
333 _aДСП
801 0 _aRU
_bNLR
_gpsbo
801 1 _aRU
_bELAR
_2rusmarc
852 _aNLR
_j86-50К/9576
942 _cBOOK